3D打印 (Record no. 67108)

000 -LEADER
fixed length control field 00555nam a22001937a 4500
003 - CONTROL NUMBER IDENTIFIER
control field MPLRDC
005 - DATE AND TIME OF LATEST TRANSACTION
control field 20220104201315.0
008 - FIXED-LENGTH DATA ELEMENTS--GENERAL INFORMATION
fixed length control field 210129b ||||| |||| 00| 0 eng d
020 ## - INTERNATIONAL STANDARD BOOK NUMBER
International Standard Book Number 978-7-5086-3858-4
082 ## - DEWEY DECIMAL CLASSIFICATION NUMBER
Classification number 477 LIP
100 ## - MAIN ENTRY--PERSONAL NAME
Personal name 胡迪·利普森 HOD LIPSON、梅尔芭·库曼 MELBA KURMAN
245 ## - TITLE STATEMENT
Title 3D打印
Statement of responsibility, etc. 赛迪研究院专家组 译
250 ## - EDITION STATEMENT
Edition statement 初版20刷
260 ## - PUBLICATION, DISTRIBUTION, ETC.
Place of publication, distribution, etc. 中国
Name of publisher, distributor, etc. 中信出版集团股份有限公司
Date of publication, distribution, etc. 2014
300 ## - PHYSICAL DESCRIPTION
Other physical details
520 ## - SUMMARY, ETC.
Summary, etc. 上架 2017-05-16。
650 ## - SUBJECT ADDED ENTRY--TOPICAL TERM
Topical term or geographic name entry element 印刷术
942 ## - ADDED ENTRY ELEMENTS (KOHA)
Koha item type Book
-- 477 LIP
Holdings
Withdrawn status Lost status Source of classification or shelving scheme Damaged status Not for loan Collection code Home library Current library Shelving location Date acquired Cost, normal purchase price Total Checkouts Total Renewals Full call number Barcode Date last seen Date last checked out Price effective from Koha item type Public note
            Malaysian Public Library, Research and Development Centre Malaysian Public Library, Research and Development Centre   07/04/2017 53.90   1 477 LIP 00060295 18/03/2021 17/05/2018 18/03/2021 Book mplrdc

© 2022. Malaysian Public Library, Research and Development Centre. All Right ReservedE-mailmplrdc@help.edu.my 

Powered by Koha